[Event "2BLO 1920 SF Bad Mergentheim - SK Passa"]
[Site "?"]
[Date "2019.10.19"]
[Round "1.3"]
[White "Leisch, Lukas"]
[Black "Kazakouski, Valery"]
[Result "0-1"]
[WhiteElo "2344"]
[BlackElo "2474"]
[PlyCount "52"]
[EventDate "2019.??.??"]

1. c4 e5 2. Nc3 Nc6 3. e3 Nf6 4. Nf3 Bb4 5. Qc2 Bxc3 6. bxc3 O-O 7. e4 d6 8. g3
Nd7 9. Nh4 a6 10. d3 b5 11. cxb5 axb5 12. Be3 b4 13. Be2 Ra3 14. Qb2 Rxc3 15.
O-O Nc5 16. a4 Nb3 17. Ra2 Be6 18. Qb1 Nbd4 19. Rb2 Nxe2+ 20. Rxe2 Qa8 21. f4
Bh3 22. f5 Bxf1 23. Qxf1 f6 24. Qh3 Qxa4 25. Ng6 Qd1+ 26. Kf2 Rc2 0-1

[Event "2BLO 1920 SF Bad Mergentheim - SK Passa"]
[Site "?"]
[Date "2019.10.19"]
[Round "1.4"]
[White "Lalic, Bogdan"]
[Black "Weiss, Christian"]
[Result "1-0"]
[WhiteElo "2419"]
[BlackElo "2376"]
[PlyCount "47"]
[EventDate "2019.??.??"]

1. d4 Nf6 2. c4 c5 3. d5 e6 4. Nc3 exd5 5. cxd5 d6 6. e4 g6 7. f4 Bg7 8. Bb5+
Nfd7 9. Be2 O-O 10. Nf3 a6 11. a4 Re8 12. O-O f5 13. exf5 gxf5 14. Bd3 Nf8 15.
Qc2 Qf6 16. Ne2 Ng6 17. Ng3 Rf8 18. Nh5 Qd8 19. Nxg7 Kxg7 20. b3 h6 21. g4 Nh4
22. Bb2+ Kg8 23. Rae1 Rf7 24. gxf5 1-0

[Event "2BLO 1920 SF Bad Mergentheim - SK Passa"]
[Site "?"]
[Date "2019.10.19"]
[Round "1.5"]
[White "Testor, Sebastian"]
[Black "Gasthofer, Alexander"]
[Result "1/2-1/2"]
[WhiteElo "2303"]
[BlackElo "2416"]
[PlyCount "101"]
[EventDate "2019.??.??"]

1. d4 d5 2. c4 c6 3. Nf3 Nf6 4. e3 e6 5. Bd3 Nbd7 6. b3 Bb4+ 7. Bd2 Bd6 8. Nc3
O-O 9. O-O Re8 10. Qc2 dxc4 11. bxc4 e5 12. Rab1 Qe7 13. Ng5 h6 14. Nge4 Nxe4
15. Nxe4 exd4 16. exd4 Nf6 17. Nxd6 Qxd6 18. Bc3 Ng4 19. g3 Nf6 20. Rfe1 Bh3
21. Re5 Qd7 22. Rbe1 Rad8 23. Qd1 Rxe5 24. Rxe5 Re8 25. Qe2 Re6 26. f3 h5 27.
Kf2 a6 28. a4 Qe7 29. Rxe6 Qxe6 30. Qxe6 Bxe6 31. Ke3 Nd7 32. a5 g6 33. Kf4 Kh7
34. h4 Kh6 35. Bb4 f6 36. Be7 Kg7 37. Bd8 Kf7 38. g4 Kg7 39. Be2 Bg8 40. Ke4
Bh7 41. Ke3 Bg8 42. Ke4 Bh7 43. g5 fxg5 44. Bxg5 Bg8 45. Bd8 Kf7 46. d5 Ke8 47.
Bg5 cxd5+ 48. cxd5 b6 49. axb6 Nxb6 50. Bxa6 Bxd5+ 51. Ke3 1/2-1/2

[Event "2BLO 1920 SF Bad Mergentheim - SK Passa"]
[Site "?"]
[Date "2019.10.19"]
[Round "1.6"]
[White "Ivanov, Mikhail M"]
[Black "Pflug, Matthias"]
[Result "1/2-1/2"]
[WhiteElo "2342"]
[BlackElo "2285"]
[PlyCount "48"]
[EventDate "2019.??.??"]

1. d4 Nf6 2. Nf3 g6 3. Nbd2 c5 4. dxc5 Qa5 5. a3 Qxc5 6. b4 Qc7 7. c4 Bg7 8.
Bb2 O-O 9. e3 b6 10. Be2 Bb7 11. O-O d6 12. Qb3 Nbd7 13. Rac1 Rac8 14. Nb1 Qb8
15. Nc3 e6 16. Rfd1 d5 17. cxd5 Nxd5 18. Nb5 a6 19. Bxg7 Kxg7 20. Qb2+ Kg8 21.
Nbd4 Rxc1 22. Rxc1 Rc8 23. g3 Rxc1+ 24. Qxc1 Qc7 1/2-1/2

[Event "2BLO 1920 SF Bad Mergentheim - SK Passa"]
[Site "?"]
[Date "2019.10.19"]
[Round "1.7"]
[White "Hellmayr, Alois"]
[Black "Gross, Willi"]
[Result "1/2-1/2"]
[WhiteElo "2254"]
[BlackElo "2120"]
[PlyCount "129"]
[EventDate "2019.??.??"]

1. d4 Nf6 2. Nf3 g6 3. Nbd2 Bg7 4. e4 d6 5. Bb5+ c6 6. Bd3 O-O 7. a4 Qc7 8. O-O
Nbd7 9. Qe2 e5 10. dxe5 dxe5 11. b3 Re8 12. Bb2 Nc5 13. Nc4 Nh5 14. Qe3 Nxd3
15. Qxd3 Rd8 16. Qc3 Nf4 17. Rfe1 f6 18. a5 Bf8 19. Bc1 Ne6 20. Be3 c5 21. Qb2
Nd4 22. Nfd2 Be6 23. c3 Nb5 24. Qc2 Rd7 25. a6 b6 26. Nb2 f5 27. f3 f4 28. Bf2
g5 29. Ndc4 Bg7 30. Red1 Rad8 31. Rxd7 Rxd7 32. Nd3 Bf6 33. Kf1 h5 34. Ke2 g4
35. Be1 Rg7 36. Bf2 Kh8 37. Ne1 Kg8 38. Rd1 Qc8 39. Ra1 Kh8 40. Ra4 gxf3+ 41.
gxf3 Nc7 42. Nd6 Qd7 43. Nf5 Bxf5 44. exf5 Nb5 45. Qd3 Qc6 46. Kf1 Rd7 47. Qc2
Rg7 48. Re4 Nd6 49. Re2 Qc8 50. Qd3 Nxf5 51. Ng2 Rc7 52. Qe4 Rg7 53. b4 c4 54.
Rd2 h4 55. Rd5 Ne7 56. Rd6 Qh3 57. Rxf6 Rxg2 58. Ke2 Qxh2 59. Rh6+ Kg8 60. Qh7+
Kf8 61. Rf6+ Ke8 62. Qf7+ Kd7 63. Qe6+ Ke8 64. Qf7+ Kd7 65. Qe6+ 1/2-1/2

[Event "2BLO 1920 SF Bad Mergentheim - SK Passa"]
[Site "?"]
[Date "2019.10.19"]
[Round "1.8"]
[White "Reinhardt, Bernd"]
[Black "Hiermann, Dietmar"]
[Result "1-0"]
[WhiteElo "2182"]
[BlackElo "2230"]
[PlyCount "73"]
[EventDate "2019.??.??"]

1. d4 d5 2. Nf3 Nf6 3. Bf4 e6 4. e3 c5 5. Nbd2 Nc6 6. c3 Be7 7. Ne5 Nd7 8. Nxd7
Bxd7 9. Bd3 Qb6 10. Rb1 g5 11. Bg3 h5 12. h4 g4 13. dxc5 Bxc5 14. e4 Ne7 15.
Qe2 Bd6 16. e5 Bc7 17. c4 dxc4 18. Nxc4 Qb4+ 19. Kf1 Nf5 20. Bxf5 exf5 21. Nd6+
Kf8 22. a3 Qb3 23. Kg1 Qe6 24. Qd2 Bc6 25. Kh2 Rg8 26. Rhe1 Rg6 27. Rbd1 Ba4
28. Rc1 Bc6 29. Nxb7 Bxb7 30. Qb4+ Kg7 31. Qxb7 f4 32. Bxf4 Qe7 33. Rxc7 Qxh4+
34. Kg1 Rf8 35. e6 Rf6 36. g3 Qh3 37. Be5 1-0

[Event "2BLO 1920 Münchener Schachclub 1836 - "]
[Site "?"]
[Date "2019.10.20"]
[Round "2.1"]
[White "Antal, Gergely"]
[Black "Indjic, Aleksandar"]
[Result "1-0"]
[WhiteElo "2556"]
[BlackElo "2638"]
[PlyCount "113"]
[EventDate "2019.??.??"]

1. e4 c5 2. Nf3 d6 3. Bb5+ Nd7 4. a4 Ngf6 5. Nc3 e5 6. a5 a6 7. Bc4 h6 8. d3
Nb8 9. Nd5 Nxd5 10. Bxd5 Nc6 11. c3 Nxa5 12. b4 cxb4 13. cxb4 Nc6 14. Qb3 Qf6
15. b5 Nd8 16. bxa6 Rxa6 17. Rxa6 bxa6 18. d4 exd4 19. Bb2 Be7 20. Nxd4 Qg6 21.
Nf5 Qxg2 22. Qa4+ Bd7 23. Nxg7+ Qxg7 24. Bxg7 Bxa4 25. Bxh8 Ne6 26. Rg1 Bg5 27.
Bxe6 fxe6 28. Bc3 Bc6 29. Rg4 e5 30. Bd2 Bxd2+ 31. Kxd2 Kf7 32. Ke3 a5 33. Rg1
a4 34. Rc1 Bd7 35. Rc7 Ke6 36. Ra7 h5 37. Ra8 Ke7 38. h4 Bc6 39. Ra7+ Kd8 40.
Rh7 Bd7 41. Rxh5 a3 42. Rg5 a2 43. Rg1 Be8 44. Kd3 Ke7 45. Kc3 Bg6 46. Kb2 Bxe4
47. h5 Bb1 48. h6 Kf8 49. Rg7 d5 50. Rg5 d4 51. Rxe5 Kg8 52. Re7 Kh8 53. Rd7
Kg8 54. Rxd4 Kh7 55. Rd6 Kg8 56. Rd7 Kh8 57. Ra7 1-0

[Event "2BLO 1920 Münchener Schachclub 1836 - "]
[Site "?"]
[Date "2019.10.20"]
[Round "2.2"]
[White "Martinovic, Sasa"]
[Black "Gonda, Laszlo"]
[Result "1/2-1/2"]
[WhiteElo "2539"]
[BlackElo "2541"]
[PlyCount "27"]
[EventDate "2019.??.??"]

1. d4 Nf6 2. c4 e6 3. Nc3 Bb4 4. Qc2 O-O 5. Nf3 c5 6. dxc5 Na6 7. g3 Nxc5 8.
Bg2 Nce4 9. O-O Bxc3 10. bxc3 Qc7 11. Nd4 d5 12. cxd5 exd5 13. Bf4 Qc5 14. Rac1
1/2-1/2

[Event "2BLO 1920 Münchener Schachclub 1836 - "]
[Site "?"]
[Date "2019.10.20"]
[Round "2.3"]
[White "Meijers, Viesturs"]
[Black "Speelman, Jon S"]
[Result "1/2-1/2"]
[WhiteElo "2439"]
[BlackElo "2511"]
[PlyCount "24"]
[EventDate "2019.??.??"]

1. Nf3 Nf6 2. g3 d5 3. d4 c6 4. Bg2 Bf5 5. O-O h6 6. b3 e6 7. c4 Nbd7 8. Bb2
Be7 9. Nbd2 Ne4 10. cxd5 cxd5 11. Nxe4 Bxe4 12. Qd2 Qb6 1/2-1/2

[Event "2BLO 1920 Münchener Schachclub 1836 - "]
[Site "?"]
[Date "2019.10.20"]
[Round "2.4"]
[White "Tadic, Branko"]
[Black "Slobodjan, Roman"]
[Result "0-1"]
[WhiteElo "2508"]
[BlackElo "2452"]
[PlyCount "80"]
[EventDate "2019.??.??"]

1. Nf3 d5 2. g3 Nf6 3. Bg2 c6 4. O-O g6 5. d4 Bg7 6. c4 O-O 7. cxd5 cxd5 8. Nc3
Nc6 9. Ne5 e6 10. Nxc6 bxc6 11. Bf4 Nh5 12. Be3 Rb8 13. Qd2 Qe7 14. Rfd1 e5 15.
dxe5 Bxe5 16. Rac1 Bg4 17. h3 Be6 18. Na4 d4 19. Bg5 f6 20. Bh6 Rfd8 21. b3 Bd5
22. Bxd5+ Rxd5 23. Qd3 Qe6 24. Kg2 Re8 25. Rc2 Ng7 26. Bxg7 Kxg7 27. Rdc1 Bd6
28. Qf3 Qe4 29. Rxc6 Qxf3+ 30. Kxf3 Rf5+ 31. Kg2 Rxe2 32. Rxd6 Rfxf2+ 33. Kg1
Rg2+ 34. Kf1 Ref2+ 35. Ke1 Rxa2 36. Kf1 Rxg3 37. Rc7+ Kh6 38. Rxf6 Rxb3 39. Kg1
Rg3+ 40. Kf1 Rxh3 0-1

[Event "2BLO 1920 Münchener Schachclub 1836 - "]
[Site "?"]
[Date "2019.10.20"]
[Round "2.5"]
[White "Eichner, Sebastian"]
[Black "Schnider, Gert"]
[Result "0-1"]
[WhiteElo "2349"]
[BlackElo "2428"]
[PlyCount "96"]
[EventDate "2019.??.??"]

1. d4 Nf6 2. c4 e6 3. Nf3 d5 4. Nc3 Be7 5. Bg5 h6 6. Bh4 dxc4 7. e3 a6 8. Bxc4
b5 9. Bd3 Nbd7 10. O-O c5 11. Bxf6 Bxf6 12. Ne4 cxd4 13. Nd6+ Ke7 14. Be4 Nb6
15. Bxa8 Qxd6 16. Be4 dxe3 17. Qe2 exf2+ 18. Qxf2 Rd8 19. Rac1 Nc4 20. b3 Ne5
21. Qa7+ Kf8 22. Kh1 Nxf3 23. Bxf3 Bd4 24. Qa8 Qd7 25. Qe4 f5 26. Qf4 e5 27.
Qd2 Kg8 28. Qa5 e4 29. Bh5 Qd6 30. Rfd1 Be6 31. h3 f4 32. Qe1 Qe5 33. Bg6 e3
34. Qh4 Rf8 35. Qe7 e2 36. Rxd4 e1=Q+ 37. Rxe1 Qxe1+ 38. Kh2 Qg3+ 39. Kh1 Qxg6
40. Rd6 Re8 41. Qc7 f3 42. gxf3 Qg3 43. Qc6 Rc8 44. Rd8+ Rxd8 45. Qxe6+ Kh8 46.
Qe2 Qxh3+ 47. Kg1 Qg3+ 48. Kh1 Rf8 0-1

[Event "2BLO 1920 Münchener Schachclub 1836 - "]
[Site "?"]
[Date "2019.10.20"]
[Round "2.6"]
[White "Berchtenbreiter, Maximilian"]
[Black "Langrock, Hannes"]
[Result "1-0"]
[WhiteElo "2467"]
[BlackElo "2359"]
[PlyCount "165"]
[EventDate "2019.??.??"]

1. g3 f5 2. Bg2 Nf6 3. Nf3 g6 4. O-O d6 5. d4 Bg7 6. c3 Nc6 7. a4 O-O 8. a5 a6
9. d5 Ne5 10. Nd4 Qe8 11. Nd2 Kh8 12. Qb3 Rb8 13. N2f3 Nxf3+ 14. exf3 Bd7 15.
Re1 c6 16. dxc6 bxc6 17. Qc4 c5 18. Ne6 Bxe6 19. Qxe6 Qb5 20. Bf1 Qc6 21. Kg2
Ng4 22. Rd1 Ne5 23. Qd5 Qxd5 24. Rxd5 c4 25. f4 Nd3 26. Bxd3 cxd3 27. Kf3 Kg8
28. Ke3 Kf7 29. Kd2 Ke6 30. Rxd3 d5 31. Kc2 Rfc8 32. Be3 Rc4 33. b3 Rc6 34. Re1
Kd6 35. Bc1 e6 36. Bd2 Rbc8 37. h4 h5 38. f3 Ke7 39. Ra1 Kf7 40. Ra4 Rc5 41.
Ra2 Bf6 42. Ra3 Ke8 43. Kb1 R5c6 44. Kb2 Rc5 45. Ra1 Kf7 46. Be1 Ke8 47. Ra3
Kf7 48. b4 Rc4 49. Rb3 Rb8 50. Ka3 Rbc8 51. Re3 Be7 52. Re2 Bf6 53. Re3 Be7 54.
Re2 Bf6 55. Ka4 Ke7 56. Re3 Kf7 57. Rd3 Ke8 58. Ra3 Kd7 59. Kb3 Bg7 60. Ra4 Bf6
61. Ra2 Be7 62. Rc2 Bf6 63. Re3 R8c7 64. Rc1 Rc8 65. Rd3 R8c7 66. Rb1 Rc8 67.
Kc2 Kc7 68. Bd2 Kb7 69. Kb3 d4 70. cxd4 Rxd4 71. Rxd4 Bxd4 72. Re1 Rc6 73. Re2
Bf6 74. Be1 Rd6 75. Re3 Bg7 76. Bc3 Bf8 77. Re5 Kc6 78. Kc4 Kd7 79. b5 axb5+
80. Kxb5 Rd3 81. Kc4 Rxf3 82. a6 Kc7 83. Rb5 1-0

[Event "2BLO 1920 Münchener Schachclub 1836 - "]
[Site "?"]
[Date "2019.10.20"]
[Round "2.7"]
[White "Spiess, Gunter"]
[Black "Lapcevic, Milos"]
[Result "1-0"]
[WhiteElo "2394"]
[BlackElo "2385"]
[PlyCount "51"]
[EventDate "2019.??.??"]

1. d4 Nf6 2. c4 e6 3. Nf3 b6 4. g3 Ba6 5. Qc2 Bb7 6. Bg2 c5 7. d5 exd5 8. cxd5
Nxd5 9. O-O Be7 10. Rd1 Nc6 11. Qa4 Nf6 12. Nh4 O-O 13. Nf5 d5 14. Nc3 Qc8 15.
Qxc6 Qxf5 16. Qxb7 d4 17. Nd5 Bd6 18. Bf4 Qe6 19. Bxd6 Qxd6 20. Qe7 Rad8 21.
Nxf6+ Qxf6 22. Qxf6 gxf6 23. e3 d3 24. Rac1 Rd6 25. Rc3 Rfd8 26. Rd2 1-0

[Event "2BLO 1920 Münchener Schachclub 1836 - "]
[Site "?"]
[Date "2019.10.20"]
[Round "2.8"]
[White "Radovanovic, Nikola"]
[Black "Wichmann, Cliff"]
[Result "1/2-1/2"]
[WhiteElo "2408"]
[BlackElo "2282"]
[PlyCount "125"]
[EventDate "2019.??.??"]

1. e4 e6 2. d3 d5 3. Nd2 Nf6 4. e5 Nfd7 5. f4 Be7 6. Ndf3 O-O 7. g3 f6 8. exf6
Bxf6 9. d4 c5 10. c3 cxd4 11. cxd4 Nc6 12. Ne2 Qb6 13. Bg2 Kh8 14. h4 Be7 15.
O-O e5 16. fxe5 Ndxe5 17. Nxe5 Nxe5 18. Rxf8+ Bxf8 19. Qb3 Nc6 20. Be3 Bb4 21.
Qxd5 Bg4 22. Nc3 Ba5 23. Qb5 Rd8 24. Qxb6 Bxb6 25. Bxc6 bxc6 26. Rf1 h5 27. Rf7
a5 28. Kf2 Kg8 29. Rb7 Bxd4 30. Bxd4 Rxd4 31. Ke3 Rd8 32. Ra7 Rf8 33. Ne4 Rf5
34. Ng5 g6 35. Ra6 Re5+ 36. Kf4 Re2 37. Rxa5 Rf2+ 38. Ke3 Rxb2 39. Ra7 Rg2 40.
Kf4 Rf2+ 41. Ke5 Rf5+ 42. Kd6 c5 43. a4 Rf8 44. a5 Bf5 45. Kd5 Rc8 46. Kc4 Bg4
47. Ne4 Be2+ 48. Kc3 Rc6 49. Kb3 Bf3 50. Nf2 Bg2 51. Rb7 Bh1 52. Rb5 Kf7 53.
Ne4 Ra6 54. Ng5+ Kf6 55. Rxc5 Ra8 56. Kb4 Rb8+ 57. Rb5 Rd8 58. Kc5 Rd3 59. Rb4
Kf5 60. Nf7 Kf6 61. Ng5 Kf5 62. Nf7 Kf6 63. Ng5 1/2-1/2

[Event "2BLO 1920 SC Garching - Erfurter SK"]
[Site "?"]
[Date "2019.10.20"]
[Round "2.1"]
[White "Mihok, Oliver"]
[Black "Stocek, Jiri"]
[Result "1/2-1/2"]
[WhiteElo "2553"]
[BlackElo "2569"]
[PlyCount "65"]
[EventDate "2019.??.??"]

1. e4 c5 2. Nf3 d6 3. Bb5+ Bd7 4. Bxd7+ Nxd7 5. O-O Ngf6 6. Qe2 e6 7. b3 g6 8.
c3 Bg7 9. d4 O-O 10. Nbd2 Rc8 11. Bb2 cxd4 12. cxd4 Qa5 13. a4 Rc6 14. Ba3 Rfc8
15. h3 Bh6 16. Nc4 Qa6 17. d5 exd5 18. exd5 Nxd5 19. Nd4 Nf4 20. Qg4 Nf6 21.
Qf3 R6c7 22. Nb5 Rd7 23. Nbxd6 Rcd8 24. g3 Qc6 25. Qxc6 Ne2+ 26. Kg2 bxc6 27.
Bb2 Nd5 28. Ne4 Bg7 29. Bxg7 Kxg7 30. Rfe1 Nd4 31. Nc5 Nc2 32. Nxd7 Rxd7 33.
Rac1 1/2-1/2

[Event "2BLO 1920 SC Garching - Erfurter SK"]
[Site "?"]
[Date "2019.10.20"]
[Round "2.2"]
[White "Hess, Max"]
[Black "Braeuer, Franz"]
[Result "0-1"]
[WhiteElo "2373"]
[BlackElo "2429"]
[PlyCount "110"]
[EventDate "2019.??.??"]

1. e4 e5 2. Nf3 Nc6 3. Bc4 Bc5 4. c3 Nf6 5. d3 d6 6. O-O a6 7. Bb3 Ba7 8. Re1
h6 9. h3 O-O 10. Nbd2 Re8 11. Nf1 Be6 12. Ng3 d5 13. exd5 Nxd5 14. Nh5 Nf6 15.
Bxe6 Rxe6 16. Nxf6+ Qxf6 17. Be3 Bxe3 18. Rxe3 Rd8 19. Qb3 b5 20. Rae1 Red6 21.
a4 bxa4 22. Qxa4 Rxd3 23. Rxd3 Rxd3 24. Qxa6 Rd8 25. Re4 Qd6 26. Qc4 g6 27. b4
Re8 28. Re2 Re6 29. Nd2 Ne7 30. Ne4 Qd5 31. Qxd5 Nxd5 32. Rd2 Nb6 33. g4 Kg7
34. Kf1 Re8 35. Ra2 f5 36. Nc5 Nd5 37. gxf5 gxf5 38. Ra7 Re7 39. b5 Kf7 40. Na4
Nb6 41. Nc5 Nd5 42. Ra3 e4 43. c4 Nb6 44. Rc3 Kf6 45. Na6 f4 46. Nb4 Rd7 47.
Nc6 Na4 48. Rc1 Rd2 49. Nb4 Nc5 50. Rc2 Rd1+ 51. Ke2 Rb1 52. Nd5+ Ke5 53. Kd2
e3+ 54. fxe3 f3 55. e4 Kd4 0-1

[Event "2BLO 1920 SC Garching - Erfurter SK"]
[Site "?"]
[Date "2019.10.20"]
[Round "2.3"]
[White "Enders, Peter"]
[Black "Renner, Christoph"]
[Result "1-0"]
[WhiteElo "2450"]
[BlackElo "2325"]
[PlyCount "131"]
[EventDate "2019.??.??"]

1. b3 d5 2. Bb2 Nf6 3. g3 c5 4. Bg2 Nc6 5. Nf3 Bf5 6. d3 e6 7. Nbd2 Be7 8. O-O
O-O 9. Ne5 Nxe5 10. Bxe5 Nd7 11. Bb2 Bf6 12. Qc1 Qc7 13. Bxf6 Nxf6 14. Qb2 Rad8
15. c4 Bg4 16. Rfe1 b6 17. Rac1 Qe7 18. a3 e5 19. cxd5 Nxd5 20. Nc4 Rfe8 21.
Rb1 h5 22. b4 cxb4 23. axb4 h4 24. Ra1 h3 25. Bxd5 Rxd5 26. Ne3 Rd4 27. b5 Qb7
28. Ra3 Be6 29. Rea1 Ra8 30. f3 Qd7 31. Ra6 Qc7 32. Kf2 f6 33. Qc2 Qb7 34. Qc6
Qxc6 35. bxc6 Rc8 36. Rxa7 Rxc6 37. Rb7 Rd7 38. Rb8+ Kh7 39. g4 g6 40. Rb1 Rdd6
41. Rb5 f5 42. Rxe5 fxg4 43. Nxg4 Bxg4 44. fxg4 Re6 45. Rxe6 Rxe6 46. Rd8 Kh6
47. Rd5 Rc6 48. Kg3 Rc2 49. Re5 b5 50. Kxh3 b4 51. Kg3 b3 52. Kf3 Rc1 53. Rb5
Rb1 54. Ke3 Kg7 55. h3 Kf6 56. Kd4 Rh1 57. g5+ Ke6 58. Rxb3 Rxh3 59. e4 Rg3 60.
Rb6+ Kf7 61. e5 Rxg5 62. Kd5 Rg1 63. Rb7+ Kf8 64. d4 g5 65. Ke6 g4 66. d5 1-0

[Event "2BLO 1920 SC Garching - Erfurter SK"]
[Site "?"]
[Date "2019.10.20"]
[Round "2.4"]
[White "Koepke, Christian"]
[Black "Kuczynski, Robert"]
[Result "1/2-1/2"]
[WhiteElo "2332"]
[BlackElo "2492"]
[PlyCount "59"]
[EventDate "2019.??.??"]

1. e4 c5 2. Be2 g6 3. f4 Bg7 4. Nf3 Nc6 5. O-O d6 6. c3 Nf6 7. d3 O-O 8. Kh1 b5
9. a3 Rb8 10. Be3 a5 11. Nbd2 b4 12. d4 bxc3 13. bxc3 d5 14. e5 Ng4 15. Bg1 c4
16. h3 Nh6 17. g4 f5 18. g5 Nf7 19. h4 Be6 20. h5 Re8 21. hxg6 hxg6 22. Nh4 Nh8
23. Bf3 Qc7 24. Qe2 Rb2 25. Qg2 Rd8 26. Rfb1 Rxb1 27. Rxb1 Na7 28. Nf1 Bf7 29.
Qb2 e6 30. Be3 1/2-1/2

[Event "2BLO 1920 SC Garching - Erfurter SK"]
[Site "?"]
[Date "2019.10.20"]
[Round "2.5"]
[White "Weishaeutel, Moritz"]
[Black "Dehlinger, Alexander"]
[Result "1/2-1/2"]
[WhiteElo "2260"]
[BlackElo "2287"]
[PlyCount "119"]
[EventDate "2019.??.??"]

1. e4 c5 2. Nf3 Nc6 3. d4 cxd4 4. Nxd4 Nf6 5. Nc3 e5 6. Ndb5 d6 7. Bg5 a6 8.
Na3 b5 9. Nd5 Be7 10. Bxf6 Bxf6 11. c4 b4 12. Nc2 a5 13. Qf3 Be6 14. Rd1 a4 15.
Ncxb4 Nxb4 16. Nxb4 Qb6 17. Qc3 Bd8 18. a3 O-O 19. Be2 Qc5 20. O-O Ba5 21. b3
axb3 22. Qxb3 Bb6 23. Nd5 Rfb8 24. Rd3 Bxd5 25. cxd5 Qc7 26. Qa2 Bc5 27. Bd1
Qa7 28. a4 Rb4 29. Qe2 g6 30. g4 Qe7 31. Qf3 Qg5 32. Kh1 Rb2 33. Rb3 Rxb3 34.
Bxb3 Kg7 35. Rb1 Qd2 36. Kg2 Rb8 37. Bc2 Rxb1 38. Bxb1 Qb4 39. Bc2 Qd2 40. Bb3
h6 41. h4 Bd4 42. Bc4 Qc3 43. Bd3 Qd2 44. Bb5 Qc3 45. g5 Qxf3+ 46. Kxf3 hxg5
47. hxg5 f6 48. gxf6+ Kxf6 49. a5 Ke7 50. Kg3 g5 51. f3 Kd8 52. Kg4 Be3 53. Kf5
Kc7 54. Kf6 Bd2 55. a6 Be3 56. Bc6 Kd8 57. Ke6 Kc7 58. Ke7 Bc5 59. Kf6 Be3 60.
Kf5 1/2-1/2

[Event "2BLO 1920 SC Garching - Erfurter SK"]
[Site "?"]
[Date "2019.10.20"]
[Round "2.6"]
[White "Seifert, Volker"]
[Black "Voekler, Bernd"]
[Result "0-1"]
[WhiteElo "2300"]
[BlackElo "2359"]
[PlyCount "120"]
[EventDate "2019.??.??"]

1. d4 Nf6 2. c4 g6 3. Nc3 Bg7 4. e4 d6 5. f3 O-O 6. Be3 Nc6 7. Nge2 Rb8 8. Qd2
Re8 9. Rc1 a6 10. Nd1 h5 11. g3 Bd7 12. Bg2 b6 13. O-O e6 14. Nf2 Qe7 15. h3 e5
16. d5 Nd8 17. b4 Nb7 18. Nd3 Nh7 19. c5 bxc5 20. bxc5 Bb5 21. c6 Bxd3 22. Qxd3
Nc5 23. Qc2 Rb6 24. Rb1 h4 25. g4 Reb8 26. Rxb6 cxb6 27. Nc3 Bf8 28. Rc1 Qa7
29. Na4 Be7 30. Nxc5 dxc5 31. Rd1 Bd6 32. Qd2 Qe7 33. Bf1 a5 34. Bd3 f6 35. Rb1
g5 36. Ba6 Bc7 37. a4 Qd6 38. Rb3 Nf8 39. Qb2 Ng6 40. Bb7 Qd8 41. Qb1 Nf8 42.
Qd3 Qd6 43. Kf1 Kg7 44. Ke1 Kh6 45. Kd2 Ng6 46. Kc3 Nh8 47. Qb1 Qd8 48. d6 Qxd6
49. Rxb6 Rd8 50. Rb5 Ng6 51. Rb2 c4 52. Kxc4 Qa3 53. Rb3 Qxa4+ 54. Kc3 Nf4 55.
Kb2 Ne6 56. Qa1 Qc4 57. Qc1 Qe2+ 58. Qc2 Qe1 59. Ka3 Qa1+ 60. Qa2 Bd6+ 0-1

[Event "2BLO 1920 SC Garching - Erfurter SK"]
[Site "?"]
[Date "2019.10.20"]
[Round "2.7"]
[White "Troyke, Christian"]
[Black "Ruecker, Benjamin"]
[Result "1/2-1/2"]
[WhiteElo "2318"]
[BlackElo "2238"]
[PlyCount "28"]
[EventDate "2019.??.??"]

1. g3 d5 2. Bg2 Nf6 3. c4 c6 4. Nf3 g6 5. b3 Bg7 6. Bb2 O-O 7. O-O Nbd7 8. d3
Re8 9. Nbd2 e5 10. cxd5 cxd5 11. e4 dxe4 12. dxe4 b6 13. Qe2 Nc5 14. Rfd1 Ba6
1/2-1/2

[Event "2BLO 1920 SC Garching - Erfurter SK"]
[Site "?"]
[Date "2019.10.20"]
[Round "2.8"]
[White "Pitschka, Claus"]
[Black "Myshkin, Nikita"]
[Result "0-1"]
[WhiteElo "2190"]
[BlackElo "2311"]
[PlyCount "66"]
[EventDate "2019.??.??"]

1. d4 Nf6 2. Bf4 e6 3. e3 b6 4. Nf3 Bb7 5. Nbd2 Be7 6. h3 Ne4 7. Nxe4 Bxe4 8.
Be2 O-O 9. O-O d6 10. Nd2 Bb7 11. e4 Nd7 12. Be3 e5 13. f4 exd4 14. Bxd4 Bf6
15. c3 Re8 16. Bf3 Rb8 17. g3 a5 18. Qc2 b5 19. Rae1 Ba6 20. Kh2 b4 21. Bxf6
Qxf6 22. c4 Qd4 23. b3 Nc5 24. e5 dxe5 25. Bc6 Re7 26. Nf3 Qc3 27. Qxc3 bxc3
28. Nxe5 Rd8 29. Rd1 Rxd1 30. Rxd1 g6 31. Bd5 Kg7 32. Kg2 c2 33. Rc1 Rxe5 0-1

[Event "2BLO 1920 MSA Zugzwang - FC Bayern Mün"]
[Site "?"]
[Date "2019.10.20"]
[Round "2.1"]
[White "Belezky, Alexander"]
[Black "Short, Nigel D"]
[Result "0-1"]
[WhiteElo "2384"]
[BlackElo "2630"]
[PlyCount "70"]
[EventDate "2019.??.??"]

1. Nf3 d5 2. g3 Bg4 3. Bg2 Nd7 4. d4 e6 5. O-O Ngf6 6. b3 Be7 7. c4 c6 8. Ba3
Bxa3 9. Nxa3 O-O 10. Nc2 Re8 11. Ne3 Bh5 12. Qd2 a5 13. Qb2 a4 14. b4 a3 15.
Qb3 Qb6 16. Rfd1 h6 17. Rab1 Bg6 18. Rbc1 Qa6 19. b5 Qa4 20. Nd2 cxb5 21. cxd5
exd5 22. Bxd5 Qxd4 23. Qxb5 Rxe3 24. Nc4 Rd3 25. Bxf7+ Kxf7 26. exd3 Bh5 27.
Re1 Bf3 28. Qf5 Bc6 29. Qe6+ Kg6 30. Ne3 Ne5 31. Nf5 Nf3+ 32. Kh1 Nxe1+ 33.
Rxc6 Qxd3 34. Nh4+ Kh7 35. Qc4 bxc6 0-1

[Event "2BLO 1920 MSA Zugzwang - FC Bayern Mün"]
[Site "?"]
[Date "2019.10.20"]
[Round "2.2"]
[White "Mons, Leon"]
[Black "Grafl, Florian"]
[Result "1-0"]
[WhiteElo "2552"]
[BlackElo "2346"]
[PlyCount "35"]
[EventDate "2019.??.??"]

1. e4 d5 2. exd5 Qxd5 3. Nc3 Qd6 4. d4 Nf6 5. Nf3 a6 6. g3 b5 7. Bg2 Bb7 8. O-O
Nbd7 9. Bf4 Qb6 10. Ne5 Rd8 11. d5 e6 12. Nxf7 Kxf7 13. dxe6+ Kxe6 14. Nd5 Bxd5
15. Bxd5+ Nxd5 16. Re1+ Kf6 17. Qxd5 h6 18. Bxc7 1-0

[Event "2BLO 1920 MSA Zugzwang - FC Bayern Mün"]
[Site "?"]
[Date "2019.10.20"]
[Round "2.3"]
[White "Schenk, Andreas"]
[Black "Kindermann, Stefan"]
[Result "1/2-1/2"]
[WhiteElo "2429"]
[BlackElo "2475"]
[PlyCount "28"]
[EventDate "2019.??.??"]

1. d4 e6 2. c4 f5 3. Nc3 Nf6 4. Qc2 Bb4 5. e3 O-O 6. Bd3 b6 7. Nge2 Bb7 8. f3
c5 9. a3 Bxc3+ 10. Qxc3 Nc6 11. dxc5 bxc5 12. O-O Qe7 13. b3 a5 14. Re1 d6
1/2-1/2

[Event "2BLO 1920 MSA Zugzwang - FC Bayern Mün"]
[Site "?"]
[Date "2019.10.20"]
[Round "2.4"]
[White "Hertneck, Gerald"]
[Black "Zajogin, Alexander"]
[Result "1-0"]
[WhiteElo "2489"]
[BlackElo "2426"]
[PlyCount "89"]
[EventDate "2019.??.??"]

1. d4 Nf6 2. Nf3 e6 3. c4 Bb4+ 4. Bd2 a5 5. g3 d5 6. Bxb4 axb4 7. Nbd2 O-O 8.
Bg2 b6 9. Qc2 Nbd7 10. e4 c5 11. e5 Ne4 12. Nxe4 b3 13. Qd3 dxe4 14. Qxe4 Rxa2
15. O-O b5 16. cxb5 Rxb2 17. Rac1 c4 18. Rxc4 Nb6 19. Rcc1 Bd7 20. Qd3 Qe7 21.
Rb1 Rc2 22. Rxb3 Rfc8 23. Nd2 Nd5 24. Bxd5 exd5 25. b6 R2c6 26. b7 Rb8 27. Ra1
Bh3 28. Qb1 Qc7 29. Nf1 Re6 30. Ra8 Ree8 31. Rxb8 Rxb8 32. Ne3 Be6 33. f4 g6
34. g4 Qd8 35. f5 gxf5 36. gxf5 Qg5+ 37. Kh1 Bd7 38. Qg1 Qxg1+ 39. Kxg1 Kf8 40.
Kf2 Ke8 41. Nxd5 Bc6 42. Nf6+ Kd8 43. d5 Rxb7 44. Rxb7 Bxb7 45. Ke3 1-0

[Event "2BLO 1920 MSA Zugzwang - FC Bayern Mün"]
[Site "?"]
[Date "2019.10.20"]
[Round "2.5"]
[White "Klebel, Martin"]
[Black "Zysk, Robert"]
[Result "0-1"]
[WhiteElo "2370"]
[BlackElo "2412"]
[PlyCount "114"]
[EventDate "2019.??.??"]

1. d4 Nf6 2. Nf3 b6 3. c4 Bb7 4. Nc3 g6 5. g3 Bg7 6. Bg2 O-O 7. O-O Ne4 8. Qc2
Nxc3 9. Qxc3 c5 10. Be3 d6 11. Rad1 Nd7 12. Qd2 Re8 13. b3 Qc7 14. Rfe1 Rad8
15. d5 a6 16. Bh6 Bh8 17. e4 b5 18. Bf1 b4 19. Qf4 Bc8 20. Qh4 Ne5 21. Nxe5
Bxe5 22. f4 Bf6 23. Bg5 Bxg5 24. Qxg5 e5 25. f5 Qe7 26. f6 Qf8 27. g4 h6 28.
Qh4 Bd7 29. Be2 a5 30. Rd3 Ra8 31. Rh3 Kh7 32. Bd1 a4 33. Ree3 axb3 34. Bxb3 h5
35. gxh5 g5 36. Qf2 Bxh3 37. Rxh3 Qh6 38. Qf5+ Kh8 39. Rg3 g4 40. Rxg4 Rg8 41.
h3 Qd2 42. Qf2 Rxg4+ 43. hxg4 Qg5 44. Qf5 Qxf5 45. exf5 Rg8 46. Bd1 Kh7 47. Kf2
Kh6 48. Kg3 Kg5 49. Bc2 Rh8 50. Bd1 Rh6 51. Ba4 Rxf6 52. Be8 e4 53. Ba4 Rh6 54.
Bc2 Rh8 55. Bxe4 Ra8 56. Bb1 Ra3+ 57. Kf2 f6 0-1